00551nam a2200157Ia 4500008004100000020001500041082002700056100005600083245009400139250001800233260003800251300001800289650002100307650002600328740003900354120622s1983 mx 000 0 spa d a9684131410 a086.1bA932 1983 v.335 aFernández de Moratín, Leandrod1760-1828eautor aLa comedia nueva o el café ; El sí de las niñasc/ Leandro Fernández de Moratín a18a edición aMéxicob : Espasa-Calpec, 1983 a143 páginas14aTEATRO ESPAÑOL24aLITERATURA ESPAÑOLA aEl café ; El sí de las niñas